| 000 | 00501nam a2200193Ia 4500 | ||
|---|---|---|---|
| 005 | 20231209092149.0 | ||
| 008 | 131103s9999 xx 000 0 und d | ||
| 020 |
_a058274623 X _cRs.30 |
||
| 040 | _aLoreto College | ||
| 041 | _aEnglish | ||
| 082 |
_a425 _bHAR |
||
| 100 | _aHarmer,Jeremy | ||
| 245 |
_aTeaching and Learning Grammer, _cJeremy Harmer |
||
| 260 |
_aLondon _bLongman _c1987 |
||
| 300 |
_a71 p. _b ill. |
||
| 650 | _aGrammer - Communicative English | ||
| 850 | _aLCLIB | ||
| 942 | _cBK | ||
| 999 |
_c6417 _d56896 |
||